000 00314nam a22001337a 4500
008 170508b xxu||||| |||| 00| 0 eng d
020 _a9781111185909
041 _aeng
080 _27th
_a34
100 _a15
101 _aSHJ
245 _aETHICS: THEORY AND CONTEMPORARY ISSUES
_cMACKINNON, B
942 _2udc
_cBK
999 _c12890
_d12890